Quizzes
Events
Quiz Creation
Community
Videos
Private Events
Remove Ads
Sign In
Join for FREE
Feedback
Dark Mode
Quiz Categories
Sports
Geography
Music
Movies
Television
Just For Fun
Miscellaneous
History
Literature
Language
Science
Gaming
Entertainment
Religion
Holiday
For Kids
Quiz Lab
Recent
Popular Today
Quiz Kudos Today
Editor Picks
Curator Picks
Quizzes by...
Day
Popularity
Type
Ratings
Length
Year
Community
Subscriptions
Recent Discussions
Orange Saloon
Badges
Playlists
Quests
Create
Leaderboards
Showdown
Live 5
Trivia Bingo
Activity
Puzzle Library
Sporcle Events
Private Events
Virtual Trivia
Globe League
Become a Host
Pub Owners
SporcleCon
Opinionation
Our Games
Videos
Blog
Mobile Apps
Partnerships
Remove Ads and Go Orange
Feedback
Just For Fun
Clickable
Get the Picture
Humor
Quick Pick
Word Ladder
Missing Word
Mixed Word
Blitz
Minefield
This or That
Alphabet
Color
Typing
Sporcle
Puzzle
Word Play
Follow That Line
Logic
Just For Fun
Clickable
Get the Picture
Humor
Quick Pick
Word Ladder
Missing Word
Mixed Word
Blitz
Minefield
This or That
Alphabet
Color
Typing
Sporcle
Puzzle
Word Play
Follow That Line
Logic
Random Quiz
Search Sporcle
×
Quiz Lab
Quiz Lab
Just For Fun
Popular
Type in answers that appear in a list
Type in answers that appear in a list
Classic
Best Score? Go Orange.
California's Most Popular Boy Names (2012) Stats
Can you name the Most Popular Boy Names in California (2012)?
By
Trickster_Loki
12m
100 Questions
71 Plays
71 Plays
71 Plays
Comments
Comments
Give Quiz Kudos
Give Quiz Kudos
-
- Ratings
hide this ad
Replay
Link that replays current quiz
Next Quiz
Link to next quiz in quiz playlist
You Got
0%
They Got
Avg Score
59%
Avg Friend Score
Upgrade to see
Score Distribution
Jump to the score distribution portion of the page
Score
0/100
Timer
12:00
0
Plays Today
Rank
Names
% Correct
56
John
95.8%
13
Michael
90.1%
22
Joseph
90.1%
23
Jose
90.1%
89
Alex
87.3%
6
Alexander
85.9%
9
Andrew
85.9%
37
James
85.9%
97
Thomas
85.9%
1
Jacob
84.5%
8
David
84.5%
2
Daniel
83.1%
5
Matthew
81.7%
31
William
81.7%
62
Jack
81.7%
65
Robert
81.7%
16
Joshua
80.3%
53
Luke
80.3%
36
Samuel
78.9%
21
Christopher
77.5%
61
Adam
77.5%
7
Ethan
76.1%
17
Jonathan
76.1%
44
Lucas
76.1%
10
Nathan
74.6%
26
Aaron
74.6%
78
Zachary
74.6%
4
Anthony
73.2%
15
Aiden
73.2%
18
Isaac
73.2%
30
Ryan
73.2%
60
Tyler
73.2%
77
Oliver
73.2%
24
Benjamin
71.8%
Rank
Names
% Correct
49
Jason
71.8%
32
Brandon
70.4%
38
Kevin
70.4%
45
Nicholas
69%
50
Justin
69%
70
Nathaniel
69%
92
Eric
69%
71
Eli
66.2%
3
Jayden
64.8%
25
Gabriel
64.8%
40
Liam
64.8%
51
Jackson
64.8%
28
Elijah
63.4%
43
Juan
63.4%
72
Bryan
63.4%
79
Henry
63.4%
11
Noah
62%
29
Christian
62%
46
Evan
62%
93
Jesse
62%
19
Mason
60.6%
48
Jordan
60.6%
34
Logan
59.2%
27
Dylan
57.7%
63
Xavier
57.7%
69
Ian
57.7%
91
Owen
57.7%
47
Carlos
56.3%
55
Caleb
56.3%
81
Victor
56.3%
84
Vincent
56.3%
98
Brayden
56.3%
35
Isaiah
54.9%
86
Connor
50.7%
Rank
Names
% Correct
96
Oscar
50.7%
99
Max
50.7%
85
Landon
49.3%
14
Julian
47.9%
59
Miguel
47.9%
20
Adrian
45.1%
64
Jeremiah
45.1%
54
Ivan
43.7%
66
Gavin
43.7%
73
Wyatt
42.3%
33
Sebastian
40.8%
80
Austin
40.8%
39
Diego
39.4%
41
Jesus
39.4%
42
Luis
39.4%
57
Dominic
39.4%
68
Alejandro
38%
95
Jorge
36.6%
76
Josiah
35.2%
12
Angel
33.8%
52
Damian
33.8%
74
Ayden
32.4%
94
Elias
31%
90
Eduardo
28.2%
87
Andres
26.8%
75
Leonardo
23.9%
100
Ryder
23.9%
88
Emmanuel
16.9%
58
Santiago
12.7%
67
Giovanni
12.7%
83
Mateo
12.7%
82
Axel
11.3%
Quiz Playlist
Details
Report
Send in Message
Add To Playlist
Classic:
Type in answers that appear in a list
Quiz Source
Last Updated: Feb 16, 2017
Quiz Scoreboard
CHALLENGE
Sign Up to Join the Scoreboard
Show All
Scores
Hide
Comments
May contain spoilers
Recently Published
Billboard Blitz: Fleetwood Mac
by CooCooCachoo
Music
15s
Presidents Visiting Landmarks
by Hejman
History
7m
An Introduction to Baseball
by treessimontrees
Sports
5m
More to Explore
Quiz From the Vault
Featured Blog Post
Where Did the Easter Bunny Come From?
hide this ad
You Might Also Like...
Tags
Popular Quiz
2012
amount
Born
Boy
California
Today's Top Quizzes in Just For Fun
Browse Just For Fun
hide this ad
Today's Top Quizzes in Popular
Browse Popular
Top Contributed Quizzes in Just For Fun
1
Killer Double Trees 224 - Colour Match-Up
2
Crossword Whiteout! 49
3
Spring Typing Challenge
4
Zeroing In: Just For Fun
5
Harry Potter Logic - 'In Chains' II
6
Kyle's 122nd Triple Trees
7
Word Ladder: Ahoy Matey
8
Survivor Winners Logic Puzzle
9
Word Ladder: Wilderness Weapon
10
Edinburgh Fringe jokes 2015
Explore More
Trending Topics
NBA
Crossword
Kpop
Marvel
Harry Potter
Anime
Disney
The Office
Song
Pokémon
Country
NFL
WWE
Puzzle
Soccer
hide this ad
More By:
Trickster_Loki
Quiz
Plays
Rating
Category
Featured
Created
Baby Girl names Starting with 'C' (2010)
3,389
4.33
Miscellaneous
May 23, 2011
Baby Boy names Starting with 'C' (2010)
646
4.75
Miscellaneous
May 22, 2011
'J' Baby Names (2010)
340
4.00
Just For Fun
May 18, 2011
Anagram Baby Names
254
3.40
Miscellaneous
May 22, 2011
Angelina Jolie Movies (2000s)
121
1.00
Movies
May 18, 2011
Go to Creator's Profile
Score Distribution
Quiz Creator Spotlight
Trickster_Loki
Follow
Send a Message
Quizzes Created
-
Created Quiz Play Count
-
More By This Creator
Popular Quizzes Today
1
Find the US States - No Outlines Minefield
2
Find the Countries of Europe - No Outlines Minefield
3
The Countries of the World
4
Find the US States
5
US States
6
Risky Map Clicking: Biggest States A-Z
7
Popular People in 1961
8
Movies - When Are They Set?
More Just For Fun Quizzes
Word Ladder: The Volunteer State
Published
Trending Quizzes
Risky Map Clicking: Least Populous States A-Z
1-10 Letter G Words
1-10 Letter F Words
Risky Map Clicking: Next State Alphabetically
Risky Map Clicking: Biggest States A-Z
Recently Updated
Leaping Animals
pecheneg
Reality TV Shows (A-Z)
bhenderson79
Rickey Henderson's Hall of Fame Teammates
pecheneg
Champions League XIs: Arsenal
pecheneg
Quick Pick: Celebrities in WWE's Hall of Fame
aduchscher
A-Z Keypad Blitz II
pecheneg
Multiple Oscar Actors
pecheneg
Mystery Phrase Blitz: Oscar 'Best Actors'
pecheneg
F. Scott Fitzgerald Novels
LTH
Pick 3 Villains
ddd62291
Trending Topics
Anime
Harry Potter
Disney
Marvel
Kpop
NBA
Crossword
NFL
Puzzle
Song
The Office
Pokémon
WWE
Country
Soccer
Your Account Isn't Verified!
In order to create a playlist on Sporcle, you need to verify the email address you used during registration. Go to your
Sporcle Settings
to finish the process.
Report this User
Report this user for behavior that violates our
Community Guidelines
.
Details:
Send Report
Go to the Sporcle.com Mobile Site →
Comments